| 000 -LEADER |
| fixed length control field |
01540cam a2200373 a 4500 |
| 001 - CONTROL NUMBER |
| control field |
12933192 |
| 003 - CONTROL NUMBER IDENTIFIER |
| control field |
Nust |
| 005 - DATE AND TIME OF LATEST TRANSACTION |
| control field |
20220829163417.0 |
| 008 - FIXED-LENGTH DATA ELEMENTS--GENERAL INFORMATION |
| fixed length control field |
020917s2003 nyua 000 1 eng |
| 010 ## - LIBRARY OF CONGRESS CONTROL NUMBER |
| LC control number |
2002024514 |
| 020 ## - INTERNATIONAL STANDARD BOOK NUMBER |
| International Standard Book Number |
9781853262579 |
| 040 ## - CATALOGING SOURCE |
| Original cataloging agency |
DLC |
| Transcribing agency |
DLC |
| Modifying agency |
DLC |
| 043 ## - GEOGRAPHIC AREA CODE |
| Geographic area code |
e-uk-en |
| 050 00 - LIBRARY OF CONGRESS CALL NUMBER |
| Classification number |
PR4559.A2 |
| Item number |
L48 2003 |
| 082 00 - DEWEY DECIMAL CLASSIFICATION NUMBER |
| Classification number |
823 |
| Author Mark |
DIC |
| 100 1# - MAIN ENTRY--PERSONAL NAME |
| Personal name |
Dickens, Charles, |
| Dates associated with a name |
1812-1870. |
| 9 (RLIN) |
12180 |
| 245 10 - TITLE STATEMENT |
| Title |
Dombey and Son / |
| Statement of responsibility, etc. |
Charles Dickens ; introduction by Jonathan Lethem ; notes by Jennifer Mooney. |
| 250 ## - EDITION STATEMENT |
| Edition statement |
Modern Library pbk. ed. |
| 260 ## - PUBLICATION, DISTRIBUTION, ETC. |
| Place of publication, distribution, etc. |
New York : |
| Name of publisher, distributor, etc. |
Modern Library, |
| Date of publication, distribution, etc. |
2003. |
| 300 ## - PHYSICAL DESCRIPTION |
| Extent |
xxviii, 817 p. : |
| Other physical details |
ill. ; |
| Dimensions |
20 cm. |
| 440 #4 - SERIES STATEMENT/ADDED ENTRY--TITLE |
| Title |
The Modern Library classics |
| 9 (RLIN) |
98644 |
| 650 #0 - SUBJECT ADDED ENTRY--TOPICAL TERM |
| Topical term or geographic name entry element |
Family-owned business enterprises |
| Form subdivision |
Fiction. |
| 9 (RLIN) |
11975 |
| 650 #0 - SUBJECT ADDED ENTRY--TOPICAL TERM |
| Topical term or geographic name entry element |
Fathers and daughters |
| Form subdivision |
Fiction. |
| 9 (RLIN) |
3695 |
| 650 #0 - SUBJECT ADDED ENTRY--TOPICAL TERM |
| Topical term or geographic name entry element |
Dysfunctional families |
| Form subdivision |
Fiction. |
| 9 (RLIN) |
22724 |
| 650 #0 - SUBJECT ADDED ENTRY--TOPICAL TERM |
| Topical term or geographic name entry element |
Businesspeople |
| Form subdivision |
Fiction. |
| 9 (RLIN) |
98645 |
| 651 #0 - SUBJECT ADDED ENTRY--GEOGRAPHIC NAME |
| Geographic name |
England |
| Form subdivision |
Fiction. |
| 9 (RLIN) |
1072 |
| 655 #7 - INDEX TERM--GENRE/FORM |
| Genre/form data or focus term |
Domestic fiction. |
| Source of term |
lcsh |
| 856 42 - ELECTRONIC LOCATION AND ACCESS |
| Materials specified |
Contributor biographical information |
| Uniform Resource Identifier |
<a href="http://www.loc.gov/catdir/bios/random054/2002024514.html">http://www.loc.gov/catdir/bios/random054/2002024514.html</a> |
| 856 41 - ELECTRONIC LOCATION AND ACCESS |
| Materials specified |
Sample text |
| Uniform Resource Identifier |
<a href="http://www.loc.gov/catdir/samples/random042/2002024514.html">http://www.loc.gov/catdir/samples/random042/2002024514.html</a> |
| 856 42 - ELECTRONIC LOCATION AND ACCESS |
| Materials specified |
Publisher description |
| Uniform Resource Identifier |
<a href="http://www.loc.gov/catdir/description/random044/2002024514.html">http://www.loc.gov/catdir/description/random044/2002024514.html</a> |
| 906 ## - LOCAL DATA ELEMENT F, LDF (RLIN) |
| a |
7 |
| b |
cbc |
| c |
orignew |
| d |
1 |
| e |
ocip |
| f |
20 |
| g |
y-gencatlg |
| 942 ## - ADDED ENTRY ELEMENTS (KOHA) |
| Source of classification or shelving scheme |
|
| Koha item type |
Book |